Normal view
MARC view
- Ratner, Daniel
Entry Personal Name
001 - CONTROL NUMBER
- control field: 55625
003 - CONTROL NUMBER IDENTIFIER
- control field: NUST
005 - DATE AND TIME OF LATEST TRANSACTION
- control field: 20210628201522.0
008 - FIXED-LENGTH DATA ELEMENTS
- fixed length control field: 210628|| aca||aabn | a|a d
040 ## - CATALOGING SOURCE
- Original cataloging agency: NUST
- Transcribing agency: NUST
100 ## - HEADING--PERSONAL NAME
- Personal name: Ratner, Daniel
670 ## - SOURCE DATA FOUND
- Source citation: Work cat.: (NUST): Ratner, Mark , Ratner, Daniel 55624, Nanotechnology, a gentle introduction to the next big idea, c2003.
